Visualizzazione normale
Vista MARC
- Festa Campanile Pasquale
di Personal Name
Records bibliografici associati: 2
001 - CONTROL NUMBER
- control field: 40020
003 - CONTROL NUMBER IDENTIFIER
- control field: IT-RoPau
005 - DATE AND TIME OF LATEST TRANSACTION
- control field: 20151126124023.0
008 - FIXED-LENGTH DATA ELEMENTS
- fixed length control field: 151126|| aca||aabn | a|a d
040 ## - CATALOGING SOURCE
- Original cataloging agency: IT-RoPau
- Transcribing agency: IT-RoPau
100 ## - HEADING--PERSONAL NAME
- Personal name: Festa Campanile Pasquale
- Miscellaneous information: Codice regista SPICS: 6677
670 ## - SOURCE DATA FOUND
- Source citation: Work cat.: (IT-RoPau)105197: Festa Campanile Pasquale Codice regista SPICS: 6677, QUA LA MANO QUA LA MANO (Rif. Codice opera principale : H9372)